Semiramis, tragedie /

Bibliographic Details
Main Author: Voltaire, 1694-1778
Format: Book
Language:French
Published: Paris : Droz, 1946.
Series:Textes littéraires français.

MARC

Tag First Indicator Second Indicator Subfields
LEADER 00000cam a2200000 4500
001 in00000050108
005 20151007065753.0
008 720204s1946 fr h b 00000 fre d
010 |a a 49006639  
035 |a (OCoLC)00233616 
035 |9 AAE2643AM 
040 |a DLC  |c KSU  |d TXA  |d UtOrBLW 
049 |a TXAM  |c [1405546] 
090 |a PQ2077  |b .S6 1946 
100 1 |a Voltaire,  |d 1694-1778. 
245 1 0 |a Semiramis, tragedie /  |c Ed. critique, pub. par Jean-Jacques Olivier. 
264 1 |a Paris :  |b Droz,  |c 1946. 
300 |a xlix, 93 pages :  |b facsimiles ;  |c 18 cm. 
336 |a text  |b txt  |2 rdacontent 
337 |a unmediated  |b n  |2 rdamedia 
338 |a volume  |b nc  |2 rdacarrier 
490 1 |a Textes litteraires francais 
504 |a "Bibliographie": pages [85]-93. 
830 0 |a Textes littéraires français. 
999 |a MARS 
999 f f |s b126f587-b05c-3d15-b137-efa4407e2f0c  |i b00084a8-8488-3ca3-af78-3c3a2614595c  |t 0 
952 f f |p normal  |a Texas A&M University  |b College Station  |c Sterling C. Evans Library  |d Evans: Library Stacks  |t 0  |e PQ2077 .S6 1946  |h Library of Congress classification  |i unmediated -- volume  |m A14803764731 
998 f f |a PQ2077 .S6 1946  |t 0  |l Evans: Library Stacks